| 000 | 00521nam a22001817a 4500 | ||
|---|---|---|---|
| 005 | 20140917121250.0 | ||
| 010 | _aENG-110872 | ||
| 020 |
_a9789351431787 _c140.00 |
||
| 035 | _aEN-94404 | ||
| 037 | _bDBAD/PUB | ||
| 082 | _a330 | ||
| 245 | _aEconomics-I | ||
| 260 |
_aGurgaon _bLexis Nexis _c2014 |
||
| 270 |
_a14th Floor, Building No.10, Tower-B, DLF Cyber City, Phase-II _bGurgaon _e122002 |
||
| 300 |
_aix,98p. _c22cm(pbk) |
||
| 490 | _aQuick reference guide series | ||
| 942 |
_2ddc _cEN _mECO _h330 |
||
| 999 |
_c88702 _d88702 |
||